All Ryanair Destinations (2026) - Statistics

General Stats
  • This quiz has been taken 809 times
    234 since last reset
  • The average score is 124 of 227
Answer Stats
Hint Answer % Correct
Austria Vienna
97%
Belgium Brussels
95%
Czechia Prague
95%
Denmark Copenhagen
94%
France Paris (Beauvais)
94%
Albania Tirana
94%
Bulgaria Sofia
93%
Croatia Zagreb
93%
Germany Berlin
92%
Finland Helsinki
92%
Greece Athens
89%
Portugal Lisbon
88%
France Marseille
88%
Norway Oslo
88%
Bosnia & Herzegovina Sarajevo
88%
Poland Warsaw (WAW)
88%
Poland Warsaw (WMI)
88%
United Kingdom London (Gatwick)
87%
United Kingdom London (Luton)
87%
United Kingdom London (Stansted)
87%
France Nice
87%
Netherlands Amsterdam
86%
Hungary Budapest
86%
Ireland Dublin
86%
Luxembourg Luxembourg
86%
Italy Rome (Ciampino)
86%
Italy Rome (Fiumicinio)
86%
Estonia Tallinn
86%
Spain Barcelona
85%
France Grenoble/Lyon
85%
Spain Madrid
85%
United Kingdom Manchester
85%
Portugal Porto
85%
Croatia Split
85%
Latvia Riga
84%
Sweden Stockholm
84%
Austria Salzburg
83%
Ireland Cork
82%
Germany Frankfurt (Hahn)
82%
Italy Milan (Malpensa)
82%
Croatia Dubrovnik
81%
Germany Hamburg
81%
Italy Naples
81%
Italy Venice (Marco Polo)
81%
Italy Venice (Treviso)
81%
Slovakia Bratislava
79%
United Kingdom Glasgow
79%
United Kingdom Liverpool
79%
Morocco Rabat
79%
Spain Seville
79%
France Toulouse
79%
Lithuania Vilnius
79%
United Kingdom Edinburgh
78%
Poland Gdansk
78%
Poland Krakow
78%
Jordan Amman
76%
Switzerland Basel/Mulhouse/Frieberg
76%
Germany Cologne/Bonn
76%
Morocco Marrakech
76%
Spain Valencia
76%
United Kingdom Belfast (Int'l)
75%
Spain Malaga
75%
Malta Malta
75%
Montenegro Podgorica
75%
Greece Thessaloniki
75%
Italy Turin
75%
Italy Bari
74%
United Kingdom Birmingham
74%
Italy Bologna
74%
Italy Palermo
74%
Spain Palma de Mallorca
74%
Portugal Faro
73%
United Kingdom Bristol
72%
France Lille
72%
Cyprus Paphos
72%
Czechia Brno
71%
Cyprus Larnaca
71%
United Kingdom Newcastle
71%
Sweden Gothenburg
70%
Sweden Malmo
69%
France Nantes
69%
Spain Alicante
68%
Spain Ibiza
68%
United Kingdom Leeds/Bradford
68%
Italy Pisa
68%
Poland Katowice
67%
Morocco Fes
66%
Spain Tenerife (South)
66%
Denmark Aarhus
65%
Netherlands Eindhoven
65%
Italy Genoa
65%
Greece Heraklion
65%
Greece Kos
65%
Greece Rhodes
65%
Bulgaria Varna
65%
United Kingdom Cardiff
64%
Italy Catania
64%
Belgium Charleroi
64%
Austria Linz
64%
United Kingdom Aberdeen
63%
Lithuania Kaunas
63%
France Strasbourg
63%
Germany Leipzig
62%
Germany Nuremberg
62%
Romania Cluj-Napoca
61%
Greece Mykonos
61%
Ireland Shannon
61%
Spain Gran Canaria
60%
Poland Poznan
60%
Greece Corfu
59%
Portugal Funchal
59%
Poland Lodz
59%
Bulgaria Plovdiv
59%
Greece Santorini
59%
Croatia Zadar
59%
Germany Bremen
58%
Bulgaria Burgas
58%
Spain Menorca
58%
Poland Wroclaw
58%
Bosnia & Herzegovina Banja Luka
56%
Italy Cagliari
56%
Italy Verona
56%
Italy Bergamo
55%
Finland Rovaniemi
55%
Morocco Tangier
55%
Greece Zakynthos
55%
Morocco Agadir
54%
Czechia Ostrava
54%
Croatia Pula
54%
Croatia Rijeka
52%
Spain Zaragoza
52%
Slovakia Kosice
51%
Turkiye Bodrum
50%
Poland Szczecin
50%
Spain Girona
49%
Spain Lanzarote
49%
Poland Lublin
49%
Greece Chania
48%
Spain Fuerteventura
48%
Serbia Nis
48%
Italy Trieste
47%
Portugal Ponta Delgada
46%
Spain Santiago de Compostela
46%
Austria Klagenfurt
45%
Italy Olbia
45%
United Kingdom Bournemouth
44%
Romania Iasi
44%
United Kingdom Norwich
44%
Italy Rimini
44%
United Kingdom Nottingham
43%
Spain Vigo
43%
Germany Memmingen
42%
Spain Murcia
41%
Italy Brindisi
40%
Spain Santander
40%
Italy Ancona
39%
Poland Bydgoszcz
39%
Turkiye Dalaman
39%
Germany Karlsruhe/Baden-Baden
39%
Spain Almeria
38%
Greece Kefalonia
38%
Poland Rzeszow
36%
Italy Alghero
35%
France Biarritz
35%
Italy Lamezia Terme
34%
Croatia Osijek
34%
Italy Pescara
33%
United Kingdom Exeter
32%
Ireland Kerry
32%
France Perpignan
31%
Greece Skiathos
31%
Germany Weeze
31%
Spain Asturias
30%
Greece Kalamata
30%
France Clermont-Ferrand
29%
Ireland Knock
29%
Germany Munster/Osnabruck
29%
Morocco Essaouira
28%
Italy Reggio Calabria
28%
France Carcassonne
27%
Lithuania Palanga
27%
Greece Preveza/Lefkada
27%
France La Rochelle
26%
France Lourdes/Tarbes
26%
Germany Lubeck
26%
United Kingdom Newquay
26%
Italy Salerno
26%
France Tours
26%
Italy Trapani
26%
Romania Bucharest (OTP)
25%
Morocco Nador
25%
Morocco Oujda
25%
Czechia Pardubice
25%
Italy Perugia
25%
Romania Bucharest (BBU)
24%
Norway Torp
24%
France Limoges
22%
France Nimes
22%
Portugal Terceira
22%
Germany Saarbrucken
21%
Morocco Tetouan
21%
Sweden Vaxjo
21%
France Figari
20%
Germany Paderborn
20%
Germany Friedrichshafen
19%
France Poitiers
19%
Spain Vitoria-Gasteiz
18%
France Beziers
16%
France Bergerac
15%
Italy Crotone
15%
Morocco Ouarzazate
15%
Greece Volos
15%
Italy Forli
14%
United Kingdom Prestwick
14%
Italy Cuneo
13%
Morocco Dakhla
13%
Morocco Beni Mellal
12%
France Vatry
12%
United Kingdom Durham
10%
Sweden Vasteras
10%
France Dole
9%
Spain Castelllon de la Plana
6%
France Rodez
6%
Morocco Errachidia
5%
Greece Limnos
5%
Sweden Skelleftea
5%
Poland Szczytno
4%
No matching quizzes found
Score Distribution
Percent of People with Each Score
Percentile by Number Answered
Your Score History
You have not taken this quiz since the last reset